Best Selling PC Games - Statistics

General Stats
  • This quiz has been taken 859 times
  • The average score is 4 of 15
Answer Stats
Units sold: Answer % Correct
13 mil Minecraft
62%
14 mil World of Warcraft
58%
16 mil The Sims
49%
9 mil Half Life
45%
11 mil StarCraft
32%
12 mil Half Life 2
31%
20 mil The Sims 2
28%
10 mil The Sims 3
26%
12 mil Diablo III
24%
6 mil StarCraft 2
18%
11 mil Battlefield 2
12%
6 mil Guild Wars
10%
6 mil Myst
9%
4.5 mil Riven
4%
5 mil SimCity 3000
4%
No matching quizzes found
Score Distribution
Percent of People with Each Score
Percentile by Number Answered
Your Score History
You have not taken this quiz